000 00598nam a2200241Ia 4500
003 OSt
005 20221005055906.0
006 a|||||r|||| 00| 0
007 ta
008 221004b |||||||| |||| 00| 0 eng d
024 _a36493
037 _cTextual
040 _aCRL
_cCRL
_beng
041 _2eng
_aeng
082 _aNB44,C,7, M9
100 _aMichell George
245 0 _aMonuments of India
260 _aLondon
_bPenguin Uk
_c1989
650 _a ARTS
650 _aCITY PLANNING
942 _hNB44,C,7, M9
_cTEXL
_2cc
999 _c965869
_d965869